<?xml version="1.0" encoding="UTF-8"?>
<marc:record xmlns:marc="http://www.loc.gov/MARC21/slim" type="Bibliographic">
   <marc:leader>00000pam a2200000 c 4500</marc:leader>
   <marc:controlfield tag="001">954247051</marc:controlfield>
   <marc:controlfield tag="003">DE-101</marc:controlfield>
   <marc:controlfield tag="005">20171203051229.0</marc:controlfield>
   <marc:controlfield tag="007">tu</marc:controlfield>
   <marc:controlfield tag="008">980730s1998    au ||||| |||| 00||||ger  </marc:controlfield>
   <marc:datafield ind1=" " ind2=" " tag="015">
      <marc:subfield code="a">99,B22,0293</marc:subfield>
      <marc:subfield code="z">98,N45,0171</marc:subfield>
      <marc:subfield code="2">dnb</marc:subfield>
   </marc:datafield>
   <marc:datafield ind1="7" ind2=" " tag="016">
      <marc:subfield code="2">DE-101</marc:subfield>
      <marc:subfield code="a">954247051</marc:subfield>
   </marc:datafield>
   <marc:datafield ind1=" " ind2=" " tag="020">
      <marc:subfield code="a">9783706200431</marc:subfield>
      <marc:subfield code="c">kart. (kostenlos)</marc:subfield>
      <marc:subfield code="9">978-3-7062-0043-1</marc:subfield>
   </marc:datafield>
   <marc:datafield ind1=" " ind2=" " tag="020">
      <marc:subfield code="a">3706200430</marc:subfield>
      <marc:subfield code="c">kart. (kostenlos)</marc:subfield>
      <marc:subfield code="9">3-7062-0043-0</marc:subfield>
   </marc:datafield>
   <marc:datafield ind1=" " ind2=" " tag="035">
      <marc:subfield code="a">(DE-599)DNB954247051</marc:subfield>
   </marc:datafield>
   <marc:datafield ind1=" " ind2=" " tag="035">
      <marc:subfield code="a">(OCoLC)75887404</marc:subfield>
   </marc:datafield>
   <marc:datafield ind1=" " ind2=" " tag="040">
      <marc:subfield code="a">1140</marc:subfield>
      <marc:subfield code="b">ger</marc:subfield>
      <marc:subfield code="c">DE-101</marc:subfield>
      <marc:subfield code="d">9999</marc:subfield>
   </marc:datafield>
   <marc:datafield ind1=" " ind2=" " tag="041">
      <marc:subfield code="a">ger</marc:subfield>
   </marc:datafield>
   <marc:datafield ind1=" " ind2=" " tag="044">
      <marc:subfield code="c">XA-AT</marc:subfield>
   </marc:datafield>
   <marc:datafield ind1=" " ind2=" " tag="084">
      <marc:subfield code="a">19</marc:subfield>
      <marc:subfield code="a">17</marc:subfield>
      <marc:subfield code="a">44</marc:subfield>
      <marc:subfield code="a">20</marc:subfield>
      <marc:subfield code="a">340</marc:subfield>
      <marc:subfield code="a">360</marc:subfield>
      <marc:subfield code="q">DE-101</marc:subfield>
      <marc:subfield code="2">sdnb</marc:subfield>
   </marc:datafield>
   <marc:datafield ind1=" " ind2=" " tag="090">
      <marc:subfield code="a">b</marc:subfield>
   </marc:datafield>
   <marc:datafield ind1="0" ind2="0" tag="245">
      <marc:subfield code="a">Genehmigungsverfahren bei Betriebsanlagen</marc:subfield>
      <marc:subfield code="b">Dauer, Beschleunigungspotentiale, Effizienz - Maßnahmenhandbuch ; Studie</marc:subfield>
      <marc:subfield code="c">im Auftr. der Vereinigung Österreichischer Industrieller und der Bundeskammer für Arbeiter und Angestellte. [Hrsg.: Bundeskammer für Arbeiter und Angestellte]. Oskar Grün ...</marc:subfield>
   </marc:datafield>
   <marc:datafield ind1=" " ind2="1" tag="264">
      <marc:subfield code="a">Wien</marc:subfield>
      <marc:subfield code="b">Bundeskammer für Arbeiter und Angestellte</marc:subfield>
      <marc:subfield code="c">1998</marc:subfield>
   </marc:datafield>
   <marc:datafield ind1=" " ind2=" " tag="300">
      <marc:subfield code="a">235 S.</marc:subfield>
      <marc:subfield code="b">Ill., graph. Darst.</marc:subfield>
      <marc:subfield code="c">30 cm</marc:subfield>
   </marc:datafield>
   <marc:datafield ind1=" " ind2=" " tag="336">
      <marc:subfield code="a">Text</marc:subfield>
      <marc:subfield code="b">txt</marc:subfield>
      <marc:subfield code="2">rdacontent</marc:subfield>
   </marc:datafield>
   <marc:datafield ind1=" " ind2=" " tag="337">
      <marc:subfield code="a">ohne Hilfsmittel zu benutzen</marc:subfield>
      <marc:subfield code="b">n</marc:subfield>
      <marc:subfield code="2">rdamedia</marc:subfield>
   </marc:datafield>
   <marc:datafield ind1=" " ind2=" " tag="338">
      <marc:subfield code="a">Band</marc:subfield>
      <marc:subfield code="b">nc</marc:subfield>
      <marc:subfield code="2">rdacarrier</marc:subfield>
   </marc:datafield>
   <marc:datafield ind1="1" ind2=" " tag="490">
      <marc:subfield code="a">Informationen zur Umweltpolitik</marc:subfield>
      <marc:subfield code="v">129</marc:subfield>
   </marc:datafield>
   <marc:datafield ind1=" " ind2=" " tag="500">
      <marc:subfield code="a">Literaturverz. S. 79 - 81</marc:subfield>
   </marc:datafield>
   <marc:datafield ind1=" " ind2="7" tag="650">
      <marc:subfield code="0">(DE-588)4026801-9</marc:subfield>
      <marc:subfield code="0">http://d-nb.info/gnd/4026801-9</marc:subfield>
      <marc:subfield code="0">(DE-101)040268012</marc:subfield>
      <marc:subfield code="a">Industrieanlage</marc:subfield>
      <marc:subfield code="2">gnd</marc:subfield>
   </marc:datafield>
   <marc:datafield ind1=" " ind2="7" tag="650">
      <marc:subfield code="0">(DE-588)4005305-2</marc:subfield>
      <marc:subfield code="0">http://d-nb.info/gnd/4005305-2</marc:subfield>
      <marc:subfield code="0">(DE-101)040053059</marc:subfield>
      <marc:subfield code="a">Genehmigung</marc:subfield>
      <marc:subfield code="2">gnd</marc:subfield>
   </marc:datafield>
   <marc:datafield ind1=" " ind2="7" tag="651">
      <marc:subfield code="0">(DE-588)4043271-3</marc:subfield>
      <marc:subfield code="0">http://d-nb.info/gnd/4043271-3</marc:subfield>
      <marc:subfield code="0">(DE-101)040432718</marc:subfield>
      <marc:subfield code="a">Österreich</marc:subfield>
      <marc:subfield code="2">gnd</marc:subfield>
   </marc:datafield>
   <marc:datafield ind1=" " ind2=" " tag="653">
      <marc:subfield code="a">(stw)Produktionsanlage</marc:subfield>
   </marc:datafield>
   <marc:datafield ind1=" " ind2=" " tag="653">
      <marc:subfield code="a">(stw)Genehmigung</marc:subfield>
   </marc:datafield>
   <marc:datafield ind1=" " ind2=" " tag="653">
      <marc:subfield code="a">(stw)Österreich</marc:subfield>
   </marc:datafield>
   <marc:datafield ind1="1" ind2=" " tag="700">
      <marc:subfield code="0">(DE-588)128779624</marc:subfield>
      <marc:subfield code="0">http://d-nb.info/gnd/128779624</marc:subfield>
      <marc:subfield code="0">(DE-101)128779624</marc:subfield>
      <marc:subfield code="a">Grün, Oskar</marc:subfield>
      <marc:subfield code="d">1938-</marc:subfield>
      <marc:subfield code="e">Mitwirkender</marc:subfield>
      <marc:subfield code="4">ctb</marc:subfield>
   </marc:datafield>
   <marc:datafield ind1="2" ind2=" " tag="710">
      <marc:subfield code="0">(DE-588)5060069-2</marc:subfield>
      <marc:subfield code="0">http://d-nb.info/gnd/5060069-2</marc:subfield>
      <marc:subfield code="0">(DE-101)050600699</marc:subfield>
      <marc:subfield code="a">Bundesarbeitskammer Österreich</marc:subfield>
      <marc:subfield code="e">Herausgebendes Organ</marc:subfield>
      <marc:subfield code="4">isb</marc:subfield>
   </marc:datafield>
   <marc:datafield ind1=" " ind2="0" tag="830">
      <marc:subfield code="a">Informationen zur Umweltpolitik</marc:subfield>
      <marc:subfield code="v">129</marc:subfield>
      <marc:subfield code="w">(DE-101)017175003</marc:subfield>
      <marc:subfield code="w">(DE-600)1190223-1</marc:subfield>
      <marc:subfield code="9">3129</marc:subfield>
      <marc:subfield code="7">as</marc:subfield>
   </marc:datafield>
   <marc:datafield ind1=" " ind2=" " tag="850">
      <marc:subfield code="a">DE-101a</marc:subfield>
   </marc:datafield>
   <marc:datafield ind1="r" ind2=" " tag="925">
      <marc:subfield code="a">rb</marc:subfield>
   </marc:datafield>
</marc:record>
